Turning vision into action / (Record no. 2157)

MARC details
000 -LEADER
fixed length control field 00981pam a2200301 a 4500
001 - CONTROL NUMBER
control field 3523360
003 - CONTROL NUMBER IDENTIFIER
control field GBCCL
005 - DATE AND TIME OF LATEST TRANSACTION
control field 20241126110420.0
008 - FIXED-LENGTH DATA ELEMENTS--GENERAL INFORMATION
fixed length control field 960403s1996 cau b 000 0 eng
010 ## -
-- 96008076
020 ## - INTERNATIONAL STANDARD BOOK NUMBER
International Standard Book Number 0830718524 (hardcover)
020 ## - INTERNATIONAL STANDARD BOOK NUMBER
International Standard Book Number 0830718664 (trade paper)
040 ## - CATALOGING SOURCE
Original cataloging agency DLC
Transcribing agency DLC
Modifying agency DLC
050 00 -
-- BV660.2
-- .B329 1996
082 00 - DEWEY DECIMAL CLASSIFICATION NUMBER
Classification number 253
Edition information 20
Item number BAR
100 1# - MAIN ENTRY--PERSONAL NAME
Personal name Barna, George.
9 (RLIN) 1012
245 10 - TITLE STATEMENT
Title Turning vision into action /
Statement of responsibility, etc. George Barna.
260 ## - PUBLICATION, DISTRIBUTION, ETC.
Place of publication, distribution, etc. Ventura, Calif. :
Name of publisher, distributor, etc. Regal Books,
Date of publication, distribution, etc. c1996.
300 ## - PHYSICAL DESCRIPTION
Extent 176 p. ;
Dimensions 24 cm.
504 ## - BIBLIOGRAPHY, ETC. NOTE
Bibliography, etc. note Includes bibliographical references (p. [173]-176).
650 #0 - SUBJECT ADDED ENTRY--TOPICAL TERM
Topical term or geographic name entry element Clergy
General subdivision Office.
9 (RLIN) 299
650 #0 - SUBJECT ADDED ENTRY--TOPICAL TERM
Topical term or geographic name entry element Pastoral theology.
9 (RLIN) 414
650 #0 - SUBJECT ADDED ENTRY--TOPICAL TERM
Topical term or geographic name entry element Christian leadership.
9 (RLIN) 1568
650 #0 - SUBJECT ADDED ENTRY--TOPICAL TERM
Topical term or geographic name entry element Visions.
9 (RLIN) 4413
906 ## - LOCAL DATA ELEMENT F, LDF (RLIN)
a 7
b cbc
c orignew
d 1
e ocip
f 19
g y-gencatlg
942 ## - ADDED ENTRY ELEMENTS (KOHA)
Source of classification or shelving scheme Dewey Decimal Classification
Koha item type Books
Koha issues (borrowed), all copies 6
Holdings
Withdrawn status Lost status Source of classification or shelving scheme Damaged status Not for loan Home library Current Library Shelving location Date acquired Total checkouts Full call number Barcode Date last seen Date last checked out Copy number Price effective from Koha item type Total renewals
    Dewey Decimal Classification     GRACE BIBLE COLLEGE GRACE BIBLE COLLEGE Ministry & Mission 2017-07-10 2 253 BAR 011329 2025-05-01 2024-08-26 c.1 2017-07-10 Books  
    Dewey Decimal Classification     GRACE BIBLE COLLEGE GRACE BIBLE COLLEGE Ministry & Mission 2017-07-10   253 BAR 011330 2025-05-01   c.2 2017-07-10 Books  
    Dewey Decimal Classification     GRACE BIBLE COLLEGE GRACE BIBLE COLLEGE Ministry & Mission 2017-07-10 1 253 BAR 011331 2025-05-01 2022-09-02 c.3 2017-07-10 Books 1
    Dewey Decimal Classification     GRACE BIBLE COLLEGE GRACE BIBLE COLLEGE Ministry & Mission 2017-07-10   253 BAR 011333 2025-05-01   c.5 2017-07-10 Books  
    Dewey Decimal Classification     GRACE BIBLE COLLEGE GRACE BIBLE COLLEGE Ministry & Mission 2017-07-10 2 253 BAR 011335 2025-05-01 2022-09-02 c.7 2017-07-10 Books 1
    Dewey Decimal Classification     GRACE BIBLE COLLEGE GRACE BIBLE COLLEGE Ministry & Mission 2017-09-08   253 BAR 011332 2025-05-01   c.4 2017-09-08 Books  
    Dewey Decimal Classification     GRACE BIBLE COLLEGE GRACE BIBLE COLLEGE Ministry & Mission 2017-09-08 1 253 BAR 011334 2025-05-01 2022-09-07 c.6 2017-09-08 Books  
© Grace Bible College Library 2025